000 00687nam a2200253 i 4500
001 C2-0220434
003 PPAK
005 20180728150550.0
008 990926s1986 enka|||| ||||| | eng d
020 _a0856673005
040 _aPPAK
_beng
_cPPAK
_erda
082 0 4 _a739.51209495
_223
090 0 0 _a739.51209495
_bROL
_dR
100 1 _aRolley, Claude,
_eauthor
245 1 0 _aBronzes, Greek
264 1 _aGreat Britain :
_bSotheby's Publications ,
_c1986
300 _a212 pages :
_billustrations ;
_c30 cm
336 _2rdacontent
_atext
337 _2rdamedia
_aunmediated
338 _2rdacarrier
_avolume
500 _aincludes index
650 1 0 _aBronzes
942 _ddc
_cB
999 _c142535
_d142535